Central Library and Information Centre
Sibsagar Girls' College, Sivasagar : Assam

A TEXT BOOK OF BOTANY (Record no. 6353)

MARC details
000 -LEADER
fixed length control field 00418cam a2200181ua 4500
008 - FIXED-LENGTH DATA ELEMENTS--GENERAL INFORMATION
fixed length control field 060101n1995 II |||gr||||Z||||||eng
040 ## - CATALOGING SOURCE
Original cataloging agency MAIN
041 ## - LANGUAGE CODE
-- English
100 ## - MAIN ENTRY--PERSONAL NAME
Personal name PANDEY.
245 ## - TITLE STATEMENT
Title A TEXT BOOK OF BOTANY
260 ## - PUBLICATION, DISTRIBUTION, ETC.
Place of publication, distribution, etc. NEW DELHI
Name of publisher, distributor, etc. VIKASH PUBLISHING HOUSE
Date of publication, distribution, etc. 1995
300 ## - PHYSICAL DESCRIPTION
Extent 495:
Dimensions 25CM.
700 ## - ADDED ENTRY--PERSONAL NAME
Personal name TRIVEDI.
700 ## - ADDED ENTRY--PERSONAL NAME
Personal name MISRA, S. P.
942 ## - ADDED ENTRY ELEMENTS (KOHA)
Koha item type Books
653 ## - INDEX TERM--UNCONTROLLED
Uncontrolled term Plants (Botany)
Holdings
Withdrawn status Lost status Source of classification or shelving scheme Damaged status Not for loan Collection code Home library Current library Shelving location Date acquired Full call number Barcode Date last seen Price effective from Koha item type Public note
    Dewey Decimal Classification     TBBOT Central Library and Information Centre Sibsagar Girls College Central Library and Information Centre Sibsagar Girls College BOTANY BOOK RACK 05.02.1997 580 PAN 14307 05.06.2023 05.06.2023 Books V


Sibsagar Girl's College © 2020. All rights reserved.
Powered by Koha.
Maintained by Abhijit Borpuzari.